[Event "Int. Stuttgarter Stadtmeisterschaft C"]
[Site "Ditzingen"]
[Date "2016.05.05"]
[Round "1.1"]
[White "Lautner, Peter"]
[Black "Klebba, Adrian"]
[Result "1/2-1/2"]
[WhiteElo "1495"]
[BlackElo "1121"]
[PlyCount "61"]
[EventDate "2016.??.??"]
[WhiteTeam "SC Kreut"]
[BlackTeam "SV Altbach"]

1. e4 e6 2. Nf3 d5 3. exd5 exd5 4. d4 Nf6 5. Bg5 Bd6 6. Nc3 c6 7. h3 O-O 8. Qd2
Re8+ 9. Be2 h6 10. Be3 Bf5 11. g4 Ne4 12. Nxe4 Bxe4 13. Rg1 Qf6 14. g5 hxg5 15.
Nxg5 Nd7 16. O-O-O a5 17. Nxe4 dxe4 18. Bg5 Qe6 19. Kb1 Nf6 20. Bxf6 Qxf6 21.
Bh5 c5 22. d5 b5 23. Rg2 Bf4 24. Qe2 Re5 25. Rdg1 Bh6 26. Bg4 c4 27. Rd1 Rd8
28. Rgg1 Rdxd5 29. Rxd5 Rxd5 30. Qxe4 Qxf2 31. Re1 1/2-1/2

[Event "Int. Stuttgarter Stadtmeisterschaft C"]
[Site "Ditzingen"]
[Date "2016.05.05"]
[Round "1.2"]
[White "Pillin, Josef"]
[Black "Hackner, Felix"]
[Result "0-1"]
[WhiteElo "1105"]
[BlackElo "1339"]
[PlyCount "62"]
[EventDate "2016.??.??"]
[WhiteTeam "SSV Zuffenhausen"]
[BlackTeam "SC Kreut"]

1. c4 e5 2. Nc3 Nc6 3. g3 Nf6 4. Bg2 d6 5. e3 Be7 6. Nge2 O-O 7. d4 exd4 8.
exd4 Bf5 9. a3 Qd7 10. d5 Ne5 11. O-O Nxc4 12. Qd4 Nb6 13. Bf4 Bh3 14. Rad1
Bxg2 15. Kxg2 Rfe8 16. Rfe1 Nh5 17. Bc1 Bf6 18. Qe3 Bxc3 19. Qxc3 Re5 20. Qb3
Rae8 21. Kf1 Qh3+ 22. Kg1 Rxe2 23. Rxe2 Rxe2 24. Qd3 Re5 25. f4 Rxd5 26. Qe2
Rxd1+ 27. Qxd1 Nf6 28. b4 Qe6 29. Bb2 Qe3+ 30. Kg2 Ne4 31. Qc2 Qd2+ 0-1

[Event "Int. Stuttgarter Stadtmeisterschaft C"]
[Site "Ditzingen"]
[Date "2016.05.05"]
[Round "1.4"]
[White "Reichmann, Bernd"]
[Black "Jünk, Ellen"]
[Result "1-0"]
[WhiteElo "1084"]
[BlackElo "1449"]
[PlyCount "107"]
[EventDate "2016.??.??"]
[WhiteTeam "SV Fellbach"]
[BlackTeam "SC Leinzell"]

1. e4 e5 2. Nf3 Nc6 3. Bb5 Nf6 4. d3 d6 5. Bxc6+ bxc6 6. h3 Be7 7. Nc3 O-O 8.
O-O Re8 9. Re1 Bd7 10. Bg5 Qc8 11. Bxf6 Bxf6 12. Nh2 Be6 13. b3 d5 14. Rb1 g6
15. Qf3 d4 16. Qxf6 dxc3 17. Qxe5 Bxb3 18. Qxc3 Bxa2 19. Ra1 Be6 20. Qxc6 Re7
21. Qc5 Qd7 22. Rxa7 Rxa7 23. Qxa7 Bxh3 24. gxh3 Qxh3 25. Qe3 Qh4 26. Qg3 Qh5
27. Qg4 Qh6 28. Re3 f5 29. Qh3 Qxh3 30. Rxh3 fxe4 31. Re3 Kf7 32. Rxe4 Rxe4 33.
dxe4 c5 34. f4 Kf6 35. Kf2 g5 36. Kf3 h6 37. fxg5+ hxg5 38. Ng4+ Ke6 39. Ke3
Kd6 40. Kd3 Kc6 41. Kc4 Kd6 42. Kb5 Kd7 43. Kxc5 Kc7 44. Kd5 Kd7 45. c4 Ke7 46.
c5 Kd7 47. e5 Kc7 48. e6 Kd8 49. Kd6 Kc8 50. e7 Kb7 51. e8=Q Ka7 52. Qb5 Ka8
53. Kc7 Ka7 54. Qb7# 1-0

[Event "Int. Stuttgarter Stadtmeisterschaft C"]
[Site "Ditzingen"]
[Date "2016.05.05"]
[Round "1.5"]
[White "Liu, Sijia Anna"]
[Black "Eid, Sami"]
[Result "1-0"]
[WhiteElo "1419"]
[BlackElo "1062"]
[PlyCount "65"]
[EventDate "2016.??.??"]
[WhiteTeam "SV Stuttgart-Wolfbusch"]
[BlackTeam "SF Freiberg"]

1. e4 e5 2. Nf3 Nc6 3. Bc4 Nf6 4. Ng5 d5 5. exd5 Nxd5 6. Nxf7 Kxf7 7. Qf3+ Ke6
8. Nc3 Nd4 9. Qxd5+ Qxd5 10. Bxd5+ Ke7 11. Kd1 Bg4+ 12. f3 Bf5 13. d3 c6 14.
Be4 Bxe4 15. Nxe4 Ke8 16. Re1 Bb4 17. c3 Ba5 18. b4 Bb6 19. cxd4 Bxd4 20. Rb1
Rd8 21. Be3 Bc3 22. Nxc3 Rxd3+ 23. Bd2 Ke7 24. Rxe5+ Kf7 25. Kc2 Rhd8 26. Rd1
Kf6 27. Bg5+ Kxe5 28. Bxd8 Rxd1 29. Kxd1 Kd4 30. Ne4 Kc4 31. Nd6+ Kxb4 32. Nxb7
c5 33. Be7 1-0

[Event "Int. Stuttgarter Stadtmeisterschaft C"]
[Site "Ditzingen"]
[Date "2016.05.05"]
[Round "1.6"]
[White "Hammann, Peter"]
[Black "Winkler, Robert"]
[Result "0-1"]
[WhiteElo "1062"]
[BlackElo "1413"]
[PlyCount "84"]
[EventDate "2016.??.??"]
[WhiteTeam "Rochade Metzingen"]
[BlackTeam "SC Kreut"]

1. e4 e6 2. e5 d5 3. d4 c5 4. c3 Nc6 5. Bb5 Bd7 6. Nf3 Qb6 7. Qe2 a6 8. Ba4
cxd4 9. Bxc6 Bxc6 10. Nxd4 Bc5 11. Be3 Bd7 12. b4 Bxd4 13. Bxd4 Qc7 14. a4 Ne7
15. O-O O-O 16. Bc5 Rfe8 17. Nd2 Ng6 18. f4 Bc6 19. b5 Bxb5 20. axb5 Qxc5+ 21.
Kh1 Qxc3 22. bxa6 bxa6 23. g3 a5 24. Rfc1 Qb4 25. Rab1 Qe7 26. Rb5 Ra7 27. Rcc5
Rea8 28. Nb1 a4 29. Na3 Nf8 30. Qb2 g6 31. Qb4 Kg7 32. h4 Nd7 33. Rc2 Qxb4 34.
Rxb4 Rb8 35. Rcb2 Rxb4 36. Rxb4 Nc5 37. Kg2 Rb7 38. Rb5 Rxb5 39. Nxb5 Nb3 40.
Kf3 f5 41. Ke3 Kh6 42. Na3 Kh5 0-1

[Event "Int. Stuttgarter Stadtmeisterschaft C"]
[Site "Ditzingen"]
[Date "2016.05.05"]
[Round "1.7"]
[White "Thomas, Leonhard"]
[Black "Abdullah, Aran"]
[Result "1-0"]
[WhiteElo "1410"]
[BlackElo "1038"]
[PlyCount "121"]
[EventDate "2016.??.??"]
[WhiteTeam "SV Fellbach"]
[BlackTeam "SV Stuttgart-Wolfbusch"]

1. e4 e5 2. Nf3 Nc6 3. Bb5 Nf6 4. Nc3 d6 5. h3 Bd7 6. d3 h6 7. O-O a6 8. Ba4 b5
9. Bb3 Be7 10. Nd5 O-O 11. Qd2 Be6 12. Nxe7+ Qxe7 13. Qc3 Bd7 14. Bd5 Nxd5 15.
exd5 Nd4 16. Nxd4 exd4 17. Qxd4 c5 18. dxc6 Bxc6 19. Bf4 Rad8 20. Rfe1 Qd7 21.
Re3 f6 22. Rae1 g5 23. Re7 Qf5 24. Bxd6 Rfe8 25. Qc5 Qxc5 26. Rxe8+ Rxe8 27.
Rxe8+ Kf7 28. Bxc5 Kxe8 29. g3 Bf3 30. Kf1 Kf7 31. Ke1 Ke6 32. Kd2 Bg2 33. h4
gxh4 34. gxh4 Kd5 35. Bf8 h5 36. Ke3 Bh3 37. b3 Bf5 38. c4+ bxc4 39. dxc4+ Kc6
40. Be7 Bb1 41. a3 Ba2 42. b4 Bxc4 43. Bxf6 Kb5 44. Kd4 Ba2 45. Ke4 Ka4 46. Kf5
Bf7 47. f4 Kxa3 48. Be7 Kb3 49. Kf6 Be8 50. f5 Kc4 51. Ke6 Kd4 52. f6 Ke4 53.
f7 Bxf7+ 54. Kxf7 Kf5 55. Ke8 Ke6 56. Kd8 Kd5 57. Kc7 Ke6 58. Bc5 Kf5 59. Kb6
Kg4 60. Be7 a5 61. bxa5 1-0

[Event "Int. Stuttgarter Stadtmeisterschaft C"]
[Site "Ditzingen"]
[Date "2016.05.05"]
[Round "1.8"]
[White "Dimitrov, Leon"]
[Black "Winterkorn, Nikolaus"]
[Result "0-1"]
[WhiteElo "1033"]
[BlackElo "1376"]
[PlyCount "94"]
[EventDate "2016.??.??"]
[WhiteTeam "SF Freiberg"]
[BlackTeam "DJK Sportbund Stgt."]

1. e4 e5 2. Nf3 d6 3. Bc4 Be7 4. d3 Nc6 5. Be3 Bg4 6. h3 Bxf3 7. Qxf3 Bf6 8.
Nc3 Nge7 9. Qh5 O-O 10. Qg4 a6 11. O-O Na5 12. Bd5 c6 13. Bb3 Nxb3 14. axb3 c5
15. Nd5 Nxd5 16. exd5 Kh8 17. c3 Rg8 18. d4 exd4 19. cxd4 Qb6 20. Qd7 Rgf8 21.
Bf4 Rad8 22. dxc5 dxc5 23. Bc7 Rxd7 24. Bxb6 Rxd5 25. Ra5 Bxb2 26. Bxc5 Rb8 27.
Re1 Bc3 28. b4 Bxe1 29. Ba7 Rbd8 30. Bb6 R8d7 31. Ra1 Bxb4 32. Rc1 h6 33. Rc8+
Kh7 34. g4 a5 35. f4 Rb5 36. Be3 a4 37. h4 a3 38. g5 h5 39. Kf2 a2 40. Ra8 Ra5
41. Kf3 Rxa8 42. Ke4 Re8+ 43. Kf3 Rxe3+ 44. Kxe3 a1=Q 45. f5 Qd4+ 46. Kf3 Qd3+
47. Kf4 Bd6# 0-1

[Event "Int. Stuttgarter Stadtmeisterschaft C"]
[Site "Ditzingen"]
[Date "2016.05.05"]
[Round "1.9"]
[White "Meißner, Mogens"]
[Black "Gazitepe, Deniz"]
[Result "1-0"]
[WhiteElo "1364"]
[BlackElo "1028"]
[PlyCount "45"]
[EventDate "2016.??.??"]
[WhiteTeam "SK Bietigheim-Bissingen"]
[BlackTeam "SV Altbach"]

1. e4 e5 2. Nf3 Nc6 3. Bc4 Nf6 4. Ng5 d5 5. exd5 Nxd5 6. Nxf7 Kxf7 7. Qf3+ Ke8
8. Bxd5 Qd7 9. c3 Ne7 10. Bf7+ Kd8 11. O-O Qf5 12. Qxf5 Bxf5 13. Re1 e4 14. Na3
Ng6 15. d3 exd3 16. Re8+ Kd7 17. Rxa8 Ne5 18. Bb3 Nc6 19. Ba4 d2 20. Bxd2 Be6
21. Bg5 Be7 22. Rd1+ Bd5 23. Rxh8 1-0

[Event "Int. Stuttgarter Stadtmeisterschaft C"]
[Site "Ditzingen"]
[Date "2016.05.05"]
[Round "1.10"]
[White "Hoffmann, Simon"]
[Black "Dhaneesh Naduvilayil"]
[Result "0-1"]
[WhiteElo "1013"]
[BlackElo "1350"]
[PlyCount "88"]
[EventDate "2016.??.??"]
[WhiteTeam "Schach-Kids Bernhausen"]

1. e4 e5 2. Nf3 Nf6 3. Nxe5 d6 4. Nf3 Nxe4 5. d3 Nf6 6. h3 Be7 7. Be3 Nd5 8.
Bd2 Nc6 9. Be2 Be6 10. O-O g5 11. c4 Nf4 12. Bxf4 gxf4 13. Qd2 Rg8 14. Kh1 Bg5
15. Nc3 Qe7 16. Rg1 O-O-O 17. Nxg5 Qxg5 18. Ne4 Qh4 19. Kh2 f5 20. Nc3 Qxf2 21.
Raf1 Qg3+ 22. Kh1 Nd4 23. Bd1 f3 24. gxf3 Qxh3+ 25. Qh2 Rxg1+ 26. Rxg1 Qxh2+
27. Kxh2 Rg8 28. Re1 Kd7 29. b4 d5 30. cxd5 Bf7 31. a4 Kd6 32. Be2 Bxd5 33.
Nxd5 Kxd5 34. Kh3 Re8 35. Rc1 Kd6 36. Bd1 Re1 37. Kg2 Nc6 38. b5 Ne5 39. d4 Nd3
40. Ra1 Nb2 41. Kf2 Rxd1 42. Rxd1 Nxd1+ 43. Ke2 Nc3+ 44. Kd3 Nxa4 0-1

[Event "Int. Stuttgarter Stadtmeisterschaft C"]
[Site "Ditzingen"]
[Date "2016.05.05"]
[Round "1.11"]
[White "Höhne, Christoph"]
[Black "Richter, Michael"]
[Result "1-0"]
[WhiteElo "1329"]
[BlackElo "989"]
[PlyCount "49"]
[EventDate "2016.??.??"]
[WhiteTeam "SC Ingersheim"]
[BlackTeam "TSV/RSK Esslingen"]

1. d4 d5 2. Nf3 Bf5 3. e3 Nf6 4. c4 e6 5. Nc3 Bb4 6. a3 Bxc3+ 7. bxc3 O-O 8.
Be2 Nbd7 9. O-O Ne4 10. Qb3 Rb8 11. Bb2 c6 12. Rad1 Qa5 13. cxd5 cxd5 14. c4
Nd2 15. Nxd2 Nf6 16. f3 Rfc8 17. Bc3 Qc7 18. Rc1 Qd6 19. Bb4 Qd7 20. Bd3 Bxd3
21. Qxd3 Rc6 22. cxd5 Nxd5 23. Nc4 Rbc8 24. Ne5 Qc7 25. Nxc6 1-0

[Event "Int. Stuttgarter Stadtmeisterschaft C"]
[Site "Ditzingen"]
[Date "2016.05.05"]
[Round "1.12"]
[White "Volpp, Hannes"]
[Black "Barna, Janos"]
[Result "0-1"]
[WhiteElo "933"]
[BlackElo "1322"]
[PlyCount "38"]
[EventDate "2016.??.??"]
[WhiteTeam "GSV Hemmingen"]
[BlackTeam "SC Leinfelden"]

1. d4 Nf6 2. Bg5 e6 3. Nf3 Be7 4. e3 Ne4 5. Bxe7 Qxe7 6. Bd3 d5 7. Nc3 Qb4 8.
O-O Nxc3 9. Qd2 Qxb2 10. a3 Nc6 11. a4 Na5 12. Bb5+ c6 13. Bd3 f6 14. Ne1 Qxa1
15. Be2 Nxe2+ 16. Qxe2 Qxa4 17. Nd3 Qc4 18. Qd2 b6 19. h3 O-O 0-1

[Event "Int. Stuttgarter Stadtmeisterschaft C"]
[Site "Ditzingen"]
[Date "2016.05.05"]
[Round "1.13"]
[White "Toma, Yanis"]
[Black "Bierkant, Sinan"]
[Result "0-1"]
[WhiteElo "1319"]
[BlackElo "928"]
[PlyCount "30"]
[EventDate "2016.??.??"]
[WhiteTeam "Lübecker SV"]
[BlackTeam "GSV Hemmingen"]

1. c4 e5 2. d3 Nf6 3. Nc3 Bb4 4. Qb3 Nc6 5. e3 O-O 6. Nge2 d5 7. Bd2 d4 8. Nb1
Bxd2+ 9. Nxd2 dxe3 10. fxe3 Ng4 11. e4 Nd4 12. Qc3 Qf6 13. h3 Qf2+ 14. Kd1 Ne3+
15. Kc1 Qe1# 0-1

[Event "Int. Stuttgarter Stadtmeisterschaft C"]
[Site "Ditzingen"]
[Date "2016.05.05"]
[Round "1.14"]
[White "Schott, Abelardo"]
[Black "Dietrich, Malte"]
[Result "0-1"]
[WhiteElo "913"]
[BlackElo "1317"]
[PlyCount "48"]
[EventDate "2016.??.??"]
[WhiteTeam "SF Nabern"]
[BlackTeam "Rochade Metzingen"]

1. e4 e6 2. d4 d5 3. e5 c5 4. Nf3 Qb6 5. Be3 Nc6 6. Nc3 a6 7. b3 cxd4 8. Bxd4
Nxd4 9. Nxd4 Qc7 10. Qf3 Qxe5+ 11. Nde2 d4 12. Ne4 d3 13. cxd3 Qxa1+ 14. Kd2
Qxa2+ 15. Kc3 Qa5+ 16. Kc2 Qa2+ 17. Kc3 Bd7 18. d4 Rc8+ 19. Nc5 Bxc5 20. dxc5
Rxc5+ 21. Kd4 Rd5+ 22. Kc4 Bb5+ 23. Kb4 a5+ 24. Kc3 Qd2# 0-1

[Event "Int. Stuttgarter Stadtmeisterschaft C"]
[Site "Ditzingen"]
[Date "2016.05.05"]
[Round "1.15"]
[White "Drianis, Anton"]
[Black "Hoffmann, Julian"]
[Result "1-0"]
[WhiteElo "1296"]
[BlackElo "912"]
[PlyCount "111"]
[EventDate "2016.??.??"]
[WhiteTeam "SK Gerlingen"]
[BlackTeam "Schach-Kids Bernhausen"]

1. d4 d5 2. c4 e6 3. Nc3 Nf6 4. Nf3 Nc6 5. Bg5 Be7 6. e3 a6 7. a4 Bd7 8. Bd3
Nb4 9. O-O c6 10. b3 Rb8 11. Ne5 b5 12. c5 Nxd3 13. Qxd3 b4 14. Na2 Qc8 15. f4
a5 16. Nxd7 Qxd7 17. Nc1 h6 18. Bxf6 Bxf6 19. Ne2 g6 20. Rf3 O-O 21. Raf1 Bg7
22. g4 Rbe8 23. Rh3 e5 24. f5 e4 25. Qd1 g5 26. Ng3 f6 27. Nh5 Rd8 28. Qe2 Rde8
29. Qa6 Ra8 30. Qe2 Rae8 31. Rf2 Rd8 32. Rg2 Rde8 33. Qf2 Rd8 34. Qg3 Qe7 35.
Kh1 Rde8 36. Kg1 Qd7 37. Kf1 Rd8 38. Kg1 Rde8 39. Qe1 Rd8 40. Rf2 Rde8 41. Rf1
Rd8 42. Rg3 Rde8 43. Rg2 Rd8 44. h4 Qe7 45. Qg3 Kh8 46. Rh2 Kg8 47. Rhf2 Rf7
48. hxg5 fxg5 49. f6 Bxf6 50. Nxf6+ Kg7 51. Nh5+ Kf8 52. Rxf7+ Qxf7 53. Rxf7+
Kxf7 54. Qc7+ Kg6 55. Qxd8 Kh7 56. Qe7+ 1-0

[Event "Int. Stuttgarter Stadtmeisterschaft C"]
[Site "Ditzingen"]
[Date "2016.05.05"]
[Round "1.16"]
[White "Acar, Lukas"]
[Black "Leutschaft, Jonathan"]
[Result "0-1"]
[WhiteElo "880"]
[BlackElo "1292"]
[PlyCount "96"]
[EventDate "2016.??.??"]
[WhiteTeam "SF Birkenfeld"]
[BlackTeam "SF Kornwestheim"]

1. e4 e5 2. Nf3 Nc6 3. Bc4 Bc5 4. b4 Bxb4 5. c3 Bc5 6. d4 exd4 7. cxd4 Bb4+ 8.
Nbd2 Bc3 9. Rb1 Nxd4 10. Nxd4 Bxd4 11. Nf3 Bb6 12. Ne5 Ba5+ 13. Bd2 Bxd2+ 14.
Qxd2 Nh6 15. Qf4 O-O 16. O-O d6 17. Nf3 Rb8 18. Rfe1 Be6 19. Bxe6 fxe6 20. Qg3
e5 21. Ng5 Qf6 22. Re3 Qg6 23. Qh4 Rf4 24. Qh3 Qxg5 25. Rg3 Qf6 26. f3 Rd8 27.
a4 Rh4 28. Rxg7+ Kxg7 29. Qg3+ Kf7 30. Rxb7 Rd7 31. f4 Rxf4 32. Qb3+ Ke7 33.
Qb5 Rxe4 34. Qb1 Qf4 35. g3 Qe3+ 36. Kg2 Qe2+ 37. Kg1 Qe1+ 38. Qxe1 Rxe1+ 39.
Kf2 Ra1 40. Rxa7 c5 41. Ra5 Ra3 42. Ke2 Ke6 43. Kd2 Rb7 44. Kc2 Nf5 45. g4 Nd4+
46. Kc1 Ra2 47. h4 Ne2+ 48. Kd1 Rb1# 0-1

[Event "Int. Stuttgarter Stadtmeisterschaft C"]
[Site "Ditzingen"]
[Date "2016.05.05"]
[Round "1.17"]
[White "Erhardt, Kristian"]
[Black "Küfner, Matthias"]
[Result "1-0"]
[WhiteElo "1288"]
[BlackElo "824"]
[PlyCount "57"]
[EventDate "2016.??.??"]
[WhiteTeam "Schach-Kids Bernhausen"]
[BlackTeam "SV Dicker Turm Esslingen"]

1. e4 e5 2. Nf3 Nc6 3. Bb5 d6 4. c3 Bg4 5. O-O a6 6. Ba4 Qf6 7. d3 Bxf3 8. Qxf3
Qxf3 9. gxf3 Nge7 10. Be3 O-O-O 11. b4 b5 12. Bb3 f6 13. a4 d5 14. axb5 axb5
15. Ra8+ Nb8 16. exd5 Kb7 17. Ra7+ Kc8 18. c4 Nf5 19. c5 Ne7 20. Ra8 Nxd5 21.
Bxd5 Rxd5 22. c6 Rd4 23. Bxd4 exd4 24. Na3 Bxb4 25. Nxb5 Bc5 26. Rb1 Bb6 27.
Na7+ Bxa7 28. Rxa7 Nxc6 29. Ra8+ 1-0

[Event "Int. Stuttgarter Stadtmeisterschaft C"]
[Site "Ditzingen"]
[Date "2016.05.05"]
[Round "1.18"]
[White "Hdya, Mohammad"]
[Black "Jelisavac, Nenad"]
[Result "0-1"]
[WhiteElo "823"]
[BlackElo "1275"]
[PlyCount "61"]
[EventDate "2016.??.??"]
[WhiteTeam "SF Freiberg"]
[BlackTeam "Matt Inn Dortmund"]

1. e4 c5 2. Nf3 Nc6 3. Bc4 e6 4. Nc3 a6 5. d3 b5 6. Bb3 Nge7 7. Be3 Ng6 8. Qe2
Bb7 9. O-O-O Be7 10. g3 Rc8 11. Rhe1 Na5 12. Nd2 O-O 13. a3 d5 14. exd5 exd5
15. d4 b4 16. Ncb1 c4 17. Ba4 Qb6 18. c3 bxa3 19. bxa3 Nb3+ 20. Nxb3 cxb3 21.
Qb2 Bc6 22. Bxb3 Rb8 23. Nd2 Ba4 24. Kc2 Rfc8 25. Rb1 Qa5 26. f4 Rb6 27. c4
Bxb3+ 28. Nxb3 Rxc4+ 29. Kd1 Qa4 30. g4 Bxa3 31. Qxa3 0-1

[Event "Int. Stuttgarter Stadtmeisterschaft C"]
[Site "Ditzingen"]
[Date "2016.05.05"]
[Round "1.19"]
[White "Maly, Jan"]
[Black "Wippermann, Tim"]
[Result "1-0"]
[WhiteElo "1268"]
[BlackElo "782"]
[PlyCount "31"]
[EventDate "2016.??.??"]
[WhiteTeam "SF Kornwestheim"]
[BlackTeam "SF Freiberg"]

1. e4 e5 2. Nf3 Nf6 3. Nc3 Nc6 4. Bc4 Bc5 5. d3 d6 6. Bg5 O-O 7. Nd5 Bg4 8. h3
Bxf3 9. Qxf3 Nd4 10. Qd1 h6 11. Nxf6+ Kh8 12. Bh4 g5 13. Bxg5 hxg5 14. Qh5+ Kg7
15. Qxg5+ Kh8 16. Qh6# 1-0

[Event "Int. Stuttgarter Stadtmeisterschaft C"]
[Site "Ditzingen"]
[Date "2016.05.05"]
[Round "1.20"]
[White "Lin, Nathanael"]
[Black "Hilger, Herbert"]
[Result "0-1"]
[WhiteElo "756"]
[BlackElo "1261"]
[PlyCount "76"]
[EventDate "2016.??.??"]
[WhiteTeam "SC Sillenbuch"]
[BlackTeam "SV Stuttgart-Wolfbusch"]

1. e4 e5 2. Nf3 Nc6 3. Nc3 Bc5 4. d4 exd4 5. Bg5 f6 6. Bf4 dxc3 7. bxc3 d6 8.
Bc4 Nge7 9. O-O Bg4 10. Qd3 Bxf3 11. Qxf3 a6 12. Qg3 g5 13. Bd2 Qd7 14. Qf3 f5
15. Qh5+ Ng6 16. Rae1 O-O-O 17. Bxg5 Rde8 18. Rb1 fxe4 19. Qd1 Bb6 20. Be3 Bxe3
21. fxe3 Nge7 22. Qc1 Na5 23. Be2 Qc6 24. Bg4+ Kd8 25. Rf7 Nc4 26. Be2 b5 27.
a4 d5 28. axb5 axb5 29. Ra1 Qb7 30. Qf1 Ne5 31. Rf6 c6 32. Rd6+ Kc7 33. Qf6 Nc8
34. Bh5 Nxd6 35. Ra5 Qb6 36. Ra3 Qxe3+ 37. Kf1 Ref8 38. Ra1 Rxf6+ 0-1

[Event "Int. Stuttgarter Stadtmeisterschaft C"]
[Site "Ditzingen"]
[Date "2016.05.05"]
[Round "1.21"]
[White "Fechner, Andreas"]
[Black "Schott, Stefano"]
[Result "1-0"]
[WhiteElo "1252"]
[BlackElo "744"]
[PlyCount "27"]
[EventDate "2016.??.??"]
[WhiteTeam "SC Magstadt"]
[BlackTeam "SF Nabern"]

1. d4 d5 2. c4 c6 3. Nc3 dxc4 4. e3 e6 5. Bxc4 Bb4 6. Qd3 Bxc3+ 7. Qxc3 Nf6 8.
Nf3 O-O 9. O-O Nd5 10. Qd3 b5 11. Bb3 Na6 12. a3 h6 13. Bc2 Bd7 14. Qh7# 1-0

[Event "Int. Stuttgarter Stadtmeisterschaft C"]
[Site "Ditzingen"]
[Date "2016.05.05"]
[Round "1.22"]
[White "Abdullah, Danyar"]
[Black "Rashba, David"]
[Result "0-1"]
[WhiteElo "733"]
[BlackElo "1240"]
[PlyCount "42"]
[EventDate "2016.??.??"]
[WhiteTeam "SV Stuttgart-Wolfbusch"]
[BlackTeam "SC Sillenbuch"]

1. e4 c6 2. Nc3 d5 3. Nf3 Bg4 4. d4 e6 5. h3 Bh5 6. g4 Bg6 7. Ne5 Bxe4 8. Nxe4
dxe4 9. Qe2 Qxd4 10. f4 exf3 11. Nxf3 Qd8 12. Ne5 Nd7 13. Nf3 Be7 14. Bg5 Bxg5
15. Nxg5 Qxg5 16. Qd2 Qe5+ 17. Be2 h6 18. Rf1 Rd8 19. Rf4 Nb6 20. Qd4 Rxd4 21.
Rxd4 Qxd4 0-1

[Event "Int. Stuttgarter Stadtmeisterschaft C"]
[Site "Ditzingen"]
[Date "2016.05.05"]
[Round "1.23"]
[White "Stiefelmeyer, Michael"]
[Black "Kappler, Roswitha"]
[Result "1-0"]
[WhiteElo "1214"]
[BlackElo "725"]
[PlyCount "83"]
[EventDate "2016.??.??"]
[WhiteTeam "SF Nabern"]
[BlackTeam "SG Fasanenhof"]

1. e4 e5 2. Nf3 Nc6 3. Bc4 Qe7 4. O-O g6 5. c3 Nf6 6. Re1 Bg7 7. d4 d6 8. h3
Nh5 9. Nbd2 Bd7 10. b4 Nf4 11. Nf1 a6 12. a4 a5 13. b5 Nd8 14. Ba2 Nde6 15. Ne3
Ng5 16. Nd5 Qd8 17. Nxf4 exf4 18. Bxf4 Nxf3+ 19. Qxf3 g5 20. Bxd6 Be6 21. Bxe6
fxe6 22. Qh5+ Kd7 23. Qf7+ Kc8 24. Qxe6+ Qd7 25. Qxd7+ Kxd7 26. Bg3 b6 27. Rad1
Raf8 28. c4 Bf6 29. f3 Be7 30. c5 Rf6 31. c6+ Kc8 32. d5 Bc5+ 33. Kh2 h5 34. e5
Rfh6 35. d6 h4 36. d7+ Kd8 37. e6 hxg3+ 38. Kxg3 Bd6+ 39. Rxd6 cxd6 40. e7+ Kc7
41. e8=Q Rxe8 42. dxe8=Q 1-0

[Event "Int. Stuttgarter Stadtmeisterschaft C"]
[Site "Ditzingen"]
[Date "2016.05.05"]
[Round "2.1"]
[White "Hackner, Felix"]
[Black "Maly, Jan"]
[Result "1-0"]
[WhiteElo "1339"]
[BlackElo "1268"]
[PlyCount "103"]
[EventDate "2016.??.??"]
[WhiteTeam "SC Kreut"]
[BlackTeam "SF Kornwestheim"]

1. e4 e5 2. Nf3 Nc6 3. Bc4 Bc5 4. d3 d6 5. Nc3 Be6 6. Bxe6 fxe6 7. O-O Nf6 8.
Bg5 h6 9. Bh4 g5 10. Bg3 Qe7 11. a3 a6 12. h3 O-O-O 13. b4 Bd4 14. Nxd4 Nxd4
15. Ne2 Qg7 16. Nxd4 exd4 17. e5 Nd5 18. exd6 cxd6 19. Re1 e5 20. Qg4+ Kb8 21.
Qe6 Nf4 22. Bxf4 gxf4 23. Qd5 Qg6 24. Rac1 Rde8 25. Kh1 Rhg8 26. Rg1 e4 27.
Qxd4 f3 28. g3 e3 29. fxe3 Qe6 30. Kh2 Ref8 31. Rcf1 Ka8 32. c4 Qd7 33. Rf2 Rf7
34. Rgf1 Rgf8 35. e4 Qe6 36. Qe3 Qf6 37. d4 Qe6 38. Qd3 b6 39. e5 dxe5 40. Qe4+
Kb8 41. Qxe5+ Qxe5 42. dxe5 Kc7 43. e6 Re7 44. Rxf3 Rxf3 45. Rxf3 Rxe6 46. h4
Re4 47. Rc3 h5 48. c5 bxc5 49. Rxc5+ Kb6 50. Rxh5 Re3 51. Ra5 Rd3 52. h5 1-0

[Event "Int. Stuttgarter Stadtmeisterschaft C"]
[Site "Ditzingen"]
[Date "2016.05.05"]
[Round "2.2"]
[White "Hilger, Herbert"]
[Black "Kalwei, Reinhard"]
[Result "1-0"]
[WhiteElo "1261"]
[BlackElo "1453"]
[PlyCount "65"]
[EventDate "2016.??.??"]
[WhiteTeam "SV Stuttgart-Wolfbusch"]
[BlackTeam "SC Aidlingen"]

1. e4 c5 2. Nf3 Nc6 3. d4 cxd4 4. Nxd4 e5 5. Nf3 Nf6 6. Bd3 d6 7. h3 Be7 8. Nc3
O-O 9. Be3 h6 10. Qe2 Be6 11. O-O a6 12. Rad1 Rc8 13. a3 Nh7 14. Nd5 Bxd5 15.
exd5 Nb8 16. Bxh7+ Kxh7 17. c4 Nd7 18. Nd2 Nc5 19. b4 Na4 20. Nb1 Bg5 21. Qc2+
Kg8 22. Qxa4 Bxe3 23. fxe3 Rxc4 24. Qb3 b5 25. Rc1 Rxc1 26. Rxc1 Qd7 27. Rc6
Ra8 28. Nd2 f5 29. Qc2 Ra7 30. Nf3 g5 31. Rc8+ Kg7 32. Qc6 Qxc6 33. Rxc6 1-0

[Event "Int. Stuttgarter Stadtmeisterschaft C"]
[Site "Ditzingen"]
[Date "2016.05.05"]
[Round "2.3"]
[White "Rashba, David"]
[Black "Liu, Sijia Anna"]
[Result "1/2-1/2"]
[WhiteElo "1240"]
[BlackElo "1419"]
[PlyCount "92"]
[EventDate "2016.??.??"]
[WhiteTeam "SC Sillenbuch"]
[BlackTeam "SV Stuttgart-Wolfbusch"]

1. e4 c5 2. Nf3 Nc6 3. d4 cxd4 4. Nxd4 g6 5. Be3 Bg7 6. Nc3 Nf6 7. Be2 O-O 8.
O-O d5 9. f3 a6 10. a3 Ne5 11. exd5 Nxd5 12. Nxd5 Qxd5 13. Rb1 Rd8 14. c3 Nc4
15. Bxc4 Qxc4 16. f4 f6 17. Qc1 b5 18. f5 g5 19. Qc2 Qc5 20. Rbe1 Qd5 21. Qc1
Bb7 22. Qc2 Qe4 23. Qe2 Bd5 24. Qf3 Qxf3 25. Nxf3 e6 26. fxe6 Bxe6 27. Bd4 Bc4
28. Rf2 Re8 29. h3 h5 30. Rxe8+ Rxe8 31. Nd2 Re1+ 32. Kh2 Re2 33. Rxe2 Bxe2 34.
Ne4 Kf7 35. b4 Bd3 36. Nc5 Bc4 37. Nxa6 Bf8 38. Kg1 f5 39. Nb8 Ke6 40. Nc6 Bd6
41. Kf2 Kd5 42. Na5 Bd3 43. Ke3 Bf1 44. Kf2 Bd3 45. Ke3 Bf1 46. Kf2 Bd3 1/2-1/2

[Event "Int. Stuttgarter Stadtmeisterschaft C"]
[Site "Ditzingen"]
[Date "2016.05.05"]
[Round "2.4"]
[White "Winkler, Robert"]
[Black "Fechner, Andreas"]
[Result "0-1"]
[WhiteElo "1413"]
[BlackElo "1252"]
[PlyCount "104"]
[EventDate "2016.??.??"]
[WhiteTeam "SC Kreut"]
[BlackTeam "SC Magstadt"]

1. e4 e5 2. Nf3 Nc6 3. Bc4 Nf6 4. d3 d6 5. c3 g6 6. Bg5 Bg7 7. Nbd2 O-O 8. Nf1
Be6 9. Bb3 Qd7 10. Ng3 d5 11. Ba4 Qd6 12. O-O d4 13. h3 h6 14. Bc1 Nh7 15. Bc2
f5 16. exf5 Bxf5 17. Nh4 Ne7 18. Nhxf5 Nxf5 19. Ne4 Qe7 20. Qg4 g5 21. Bd2 Kh8
22. a3 Qe6 23. Bb1 Qc6 24. Ba2 Nh4 25. g3 Nf3+ 26. Kg2 Nxd2 27. Rfe1 Nxe4 28.
Qxe4 Qxe4+ 29. Rxe4 Rae8 30. Rae1 c5 31. cxd4 cxd4 32. Bc4 Rf5 33. R4e2 Nf8 34.
Bd5 Re7 35. Be4 Rf6 36. Bd5 Rb6 37. b3 Nd7 38. Rc1 Nf6 39. Rc8+ Re8 40. Rxe8+
Nxe8 41. Rc2 Nd6 42. Rc7 Rb5 43. Be6 Bf8 44. Rd7 a5 45. Rd8 Kg7 46. Rd7+ Kf6
47. Bg8 Rc5 48. Kf3 Rc3 49. Ke2 a4 50. bxa4 Rxa3 51. Bd5 Rxa4 52. Bxb7 Ra7 0-1

[Event "Int. Stuttgarter Stadtmeisterschaft C"]
[Site "Ditzingen"]
[Date "2016.05.05"]
[Round "2.5"]
[White "Günther, Niclas"]
[Black "Thomas, Leonhard"]
[Result "0-1"]
[WhiteElo "1213"]
[BlackElo "1410"]
[PlyCount "92"]
[EventDate "2016.??.??"]
[WhiteTeam "SF Freiberg"]
[BlackTeam "SV Fellbach"]

1. e4 e5 2. Nf3 Nc6 3. Bc4 Bc5 4. b4 Bxb4 5. c3 Ba5 6. d4 exd4 7. Nxd4 d6 8.
Qh5 Ne5 9. Bb3 Bg4 10. Qg5 Qxg5 11. Bxg5 h6 12. Bh4 Nd3+ 13. Kd2 Nc5 14. Bd5
Be6 15. Bxe6 Nxe6 16. Nxe6 fxe6 17. Na3 Nf6 18. Bxf6 gxf6 19. Nc4 Bb6 20. f4
Rg8 21. g3 Ke7 22. Rae1 Rad8 23. Kc2 Kd7 24. e5 fxe5 25. fxe5 d5 26. Nxb6+ axb6
27. Rhf1 Rdf8 28. Rf6 Rxf6 29. exf6 Rf8 30. Rf1 e5 31. Kd3 Ke6 32. c4 d4 33. a4
Rxf6 34. Ke2 Rxf1 35. Kxf1 e4 36. Ke2 e3 37. h4 Kf5 38. Kf3 h5 39. Kg2 d3 40.
Kf3 d2 41. Kxe3 d1=Q 42. Kf2 Qd3 43. Kg2 Kg4 44. Kf2 Qd2+ 45. Kf1 Kxg3 46. Kg1
Qg2# 0-1